000 01026nam a2200337 a 4500
999 _c3266
_d3266
005 20200521161716.0
008 140310b2002 mx ||||| |||| 00| 0 spa d
040 _aCO-BoIAVH
_cCO-BoIAVH
041 _aspa
044 _amx
082 _a333.71
090 _aLB
_b03027
100 _aRobles Gil, Patricio
_910443
245 _aAreas silvestres
_blas últimas regiones vírgenes del mundo
260 _aMéxico D. F.
_bCemex
_c2002
300 _a573 p.
650 _aReservas naturales
_9103092
650 _aAreas protegidas
_9103093
650 _aConservación
_9103094
650 _aAreas prioritarias de conservación
_9103095
650 _aBosques tropicales
_9103096
650 _aBosques boreales
_919250
650 _aDesiertos
_9103097
700 _aMittermeier, Russell A.
_96443
700 _aMittermeier, Cristina Goettsch
_910442
700 _aPilgrim, John
_919251
700 _aFonseca, Gustavo
_919252
700 _aKonstant, William
_919253
700 _aBrooks, Thomas
_919254
942 _cLIBRO
_2z